<?xml version="1.0" encoding="UTF-8"?>
<resp>
  <nextPage>https://data.bn.org.pl/api/networks/bibs.marcxml?marc=001+b1000000989538&amp;sinceId=1000000989539</nextPage>
  <collection>
    <record xmlns='http://www.loc.gov/MARC21/slim'><leader>03111nam a2200889 i 4500</leader><controlfield tag='001'>b1000000989538</controlfield><controlfield tag='005'>20241203215303.0</controlfield><controlfield tag='008'>210616s2021    it ao  d     |000 0 pol c</controlfield><controlfield tag='009'>9912219617705606</controlfield><datafield ind1=' ' ind2=' ' tag='015'><subfield code='a'>PZ 2021</subfield></datafield><datafield ind1=' ' ind2=' ' tag='020'><subfield code='a'>9788892832060</subfield><subfield code='q'>(oprawa miękka ;</subfield><subfield code='q'>nr 55) :</subfield><subfield code='c'>zł 39,99</subfield></datafield><datafield ind1=' ' ind2=' ' tag='020'><subfield code='z'>9788833426983</subfield><subfield code='q'>(seria)</subfield></datafield><datafield ind1=' ' ind2=' ' tag='035'><subfield code='a'>(PL)b1000000989538</subfield></datafield><datafield ind1=' ' ind2=' ' tag='040'><subfield code='a'>WA N</subfield><subfield code='c'>WA N</subfield><subfield code='d'>WA N</subfield><subfield code='d'>KR U</subfield><subfield code='d'>WA N</subfield><subfield code='d'>KR U</subfield><subfield code='d'>WA N</subfield></datafield><datafield ind1='1' ind2=' ' tag='041'><subfield code='a'>pol</subfield><subfield code='h'>und</subfield></datafield><datafield ind1=' ' ind2=' ' tag='046'><subfield code='k'>2021</subfield></datafield><datafield ind1=' ' ind2=' ' tag='080'><subfield code='a'>82-93(0.054)</subfield></datafield><datafield ind1=' ' ind2=' ' tag='084'><subfield code='a'>02</subfield></datafield><datafield ind1='0' ind2='0' tag='245'><subfield code='a'>Star Wars :</subfield><subfield code='b'>zbuduj swojego R2-D2.</subfield><subfield code='n'>Nr 55  /</subfield><subfield code='c'>[redakcja: Marta Lenartowicz, Ryszard Popiołek, Mateusz Godoń, Katarzyna Sarna ; tłumaczenie: Dorota Budkiewicz].</subfield></datafield><datafield ind1='3' ind2='0' tag='246'><subfield code='a'>Zbuduj swojego R2-D2</subfield></datafield><datafield ind1=' ' ind2=' ' tag='260'><subfield code='a'>Novara :</subfield><subfield code='b'>DeAgostini,</subfield><subfield code='c'>© 2021.</subfield></datafield><datafield ind1=' ' ind2=' ' tag='300'><subfield code='a'>15, [1] strona :</subfield><subfield code='b'>fotografie, ilustracje ;</subfield><subfield code='c'>29 cm +</subfield><subfield code='e'>elementy do składania.</subfield></datafield><datafield ind1=' ' ind2=' ' tag='336'><subfield code='a'>Obraz</subfield><subfield code='b'>sti</subfield><subfield code='2'>rdacontent</subfield></datafield><datafield ind1=' ' ind2=' ' tag='336'><subfield code='a'>Tekst</subfield><subfield code='b'>txt</subfield><subfield code='2'>rdacontent</subfield></datafield><datafield ind1=' ' ind2=' ' tag='337'><subfield code='a'>Bez urządzenia pośredniczącego</subfield><subfield code='b'>n</subfield><subfield code='2'>rdamedia</subfield></datafield><datafield ind1=' ' ind2=' ' tag='338'><subfield code='a'>Wolumin</subfield><subfield code='b'>nc</subfield><subfield code='2'>rdacarrier</subfield></datafield><datafield ind1=' ' ind2=' ' tag='380'><subfield code='a'>Książki</subfield></datafield><datafield ind1=' ' ind2=' ' tag='380'><subfield code='a'>Publikacje popularnonaukowe</subfield></datafield><datafield ind1=' ' ind2=' ' tag='385'><subfield code='m'>Grupa wiekowa</subfield><subfield code='a'>Młodzież</subfield></datafield><datafield ind1=' ' ind2=' ' tag='385'><subfield code='m'>Grupa wiekowa</subfield><subfield code='a'>14-17 lat</subfield></datafield><datafield ind1='1' ind2=' ' tag='388'><subfield code='a'>2001-</subfield></datafield><datafield ind1='8' ind2=' ' tag='521'><subfield code='a'>Wiek: 14+.</subfield></datafield><datafield ind1=' ' ind2=' ' tag='546'><subfield code='a'>Język podstawy tłumaczenia nieustalony.</subfield></datafield><datafield ind1='0' ind2='7' tag='600'><subfield code='a'>R2-D2</subfield><subfield code='c'>(postać fikcyjna)</subfield><subfield code='2'>DBN</subfield></datafield><datafield ind1=' ' ind2='7' tag='650'><subfield code='a'>Gwiezdne Wojny (świat fikcyjny)</subfield><subfield code='2'>DBN</subfield></datafield><datafield ind1=' ' ind2='7' tag='650'><subfield code='a'>Roboty i manipulatory</subfield><subfield code='2'>DBN</subfield></datafield><datafield ind1=' ' ind2='7' tag='655'><subfield code='a'>Broszura</subfield><subfield code='2'>DBN</subfield></datafield><datafield ind1=' ' ind2='7' tag='655'><subfield code='a'>Model do sklejania</subfield><subfield code='2'>DBN</subfield></datafield><datafield ind1=' ' ind2='7' tag='655'><subfield code='a'>Opracowanie</subfield><subfield code='2'>DBN</subfield></datafield><datafield ind1=' ' ind2='7' tag='655'><subfield code='a'>Publikacja bogato ilustrowana</subfield><subfield code='2'>DBN</subfield></datafield><datafield ind1=' ' ind2=' ' tag='658'><subfield code='a'>Hobby i czas wolny</subfield></datafield><datafield ind1=' ' ind2=' ' tag='658'><subfield code='a'>Inżynieria i technika</subfield></datafield><datafield ind1='1' ind2=' ' tag='700'><subfield code='a'>Sarna, Katarzyna</subfield><subfield code='e'>Redakcja</subfield></datafield><datafield ind1='1' ind2=' ' tag='700'><subfield code='a'>Budkiewicz, Dorota</subfield><subfield code='e'>Tłumaczenie</subfield></datafield><datafield ind1='1' ind2=' ' tag='700'><subfield code='a'>Lenartowicz, Marta</subfield><subfield code='c'>(redaktor)</subfield><subfield code='e'>Redakcja</subfield></datafield><datafield ind1='1' ind2=' ' tag='700'><subfield code='a'>Godoń, Mateusz</subfield><subfield code='e'>Redakcja</subfield></datafield><datafield ind1='1' ind2=' ' tag='700'><subfield code='a'>Popiołek, Ryszard</subfield><subfield code='e'>Redakcja</subfield></datafield><datafield ind1='2' ind2=' ' tag='710'><subfield code='a'>De Agostini Editore</subfield><subfield code='e'>Wydawca</subfield><subfield code='4'>pbl</subfield></datafield><datafield ind1=' ' ind2=' ' tag='852'><subfield code='b'>48OMNIS_UJA</subfield><subfield code='8'>991016687424505067</subfield></datafield><datafield ind1=' ' ind2=' ' tag='852'><subfield code='b'>48OMNIS_NLOP</subfield><subfield code='8'>991052901418905066</subfield></datafield><datafield ind1=' ' ind2=' ' tag='852'><subfield code='8'>22579500100005067</subfield><subfield code='j'>1</subfield><subfield code='h'>1.002.965 III A</subfield><subfield code='b'>BJ</subfield><subfield code='p'>1003005394</subfield><subfield code='c'>BJ_EGZ_A</subfield></datafield><datafield ind1=' ' ind2=' ' tag='852'><subfield code='8'>22690319630005066</subfield><subfield code='j'>1</subfield><subfield code='h'>11.035 Wyst. A</subfield><subfield code='b'>BN_PL</subfield><subfield code='p'>30001029274480</subfield><subfield code='c'>bk1</subfield></datafield><datafield ind1=' ' ind2=' ' tag='852'><subfield code='b'>48OMNIS_NETWORK</subfield><subfield code='8'>9912219617705606</subfield></datafield><datafield ind1=' ' ind2=' ' tag='920'><subfield code='a'>978-88-9283-206-0 (oprawa miękka ; nr 55) : zł 39,99</subfield></datafield><datafield ind1=' ' ind2=' ' tag='920'><subfield code='z'>978-88-334-2698-3 (seria)</subfield></datafield></record>
  </collection>
</resp>
